[Event "2017 Oceania Zone 3.6 Zonal Championshi"]
[Site "Auckland NZL"]
[Date "2017.01.15"]
[Round "3.28"]
[White "Buciu, Aurel-John"]
[Black "Louie, Ryan"]
[Result "0-1"]
[WhiteElo "1718"]
[BlackElo "1972"]
[PlyCount "92"]
[EventDate "2017.01.14"]

1. d4 Nf6 2. Bf4 d6 3. Nf3 Nbd7 4. e3 g6 5. Be2 Bg7 6. Nbd2 O-O 7. h3 Re8 8.
O-O a6 9. c3 h6 10. Qc2 e5 11. dxe5 Nxe5 12. Rfd1 Qe7 13. Nc4 Bf5 14. Qc1 Nxc4
15. Bxc4 Be4 16. Be2 Rad8 17. Rd2 Nd7 18. Qf1 Nc5 19. Rad1 Ne6 20. Bg3 Nc5 21.
Bh4 g5 22. Bg3 Bg6 23. Nd4 Ne4 24. Bf3 Nxd2 25. Rxd2 d5 26. Qd1 c6 27. Qb3 Kh8
28. Qb6 f5 29. Bc7 Rd7 30. Bh2 Kh7 31. Nb3 Be5 32. Nc5 Bxh2+ 33. Kxh2 Qe5+ 34.
Kg1 Rg7 35. Nd3 Qe7 36. Qd4 Qc7 37. Nc5 Qf7 38. Rd1 Re7 39. Nd3 Qe8 40. Qf6 Re6
41. Qd4 g4 42. hxg4 fxg4 43. Qxg4 Bxd3 44. Rxd3 Rxg4 45. Bxg4 Qg6 46. Be2 Kh8
0-1

[Event "2017 Oceania Zone 3.6 Zonal Championshi"]
[Site "Auckland NZL"]
[Date "2017.01.15"]
[Round "3.29"]
[White "Goodhue, Nathan"]
[Black "Plaganyi, Gyula"]
[Result "1/2-1/2"]
[WhiteElo "1966"]
[BlackElo "1790"]
[PlyCount "101"]
[EventDate "2017.01.14"]

1. b3 g6 2. Bb2 Nf6 3. Bxf6 exf6 4. d4 Bg7 5. Nf3 O-O 6. e3 d6 7. Bd3 Nc6 8. c3
f5 9. O-O Re8 10. b4 b6 11. Qc2 Ne7 12. Nbd2 Bb7 13. Rab1 Rc8 14. c4 c6 15. Qb3
d5 16. cxd5 cxd5 17. Rbc1 Qd6 18. g3 Nc6 19. a3 Re7 20. Rc2 Rec7 21. Rfc1 Ne7
22. Nb1 Rxc2 23. Rxc2 Rxc2 24. Qxc2 Qc6 25. Nc3 f6 26. b5 Qc7 27. Qb3 Bf8 28.
Ne1 Kg7 29. Nc2 Qd6 30. Nb4 h6 31. f4 Nc8 32. Kf2 Qe6 33. Nbxd5 Bxa3 34. Qxa3
Bxd5 35. Qa6 Ba8 36. d5 Qd7 37. Qa2 Nd6 38. Qa4 Qc7 39. Qd4 Kf7 40. Kf3 Qc5 41.
Qxc5 bxc5 42. Ke2 Bb7 43. Kd2 Bc8 44. Kc2 c4 45. Be2 Bd7 46. Kb2 Ke7 47. Nb1
Bxb5 48. Kc3 Ne4+ 49. Kb4 c3 50. Bd1 Bd3 51. Nxc3 1/2-1/2

[Event "2017 Oceania Zone 3.6 Zonal Championshi"]
[Site "Auckland NZL"]
[Date "2017.01.15"]
[Round "3.31"]
[White "Lu, Lillian"]
[Black "Bennett, Hilton P"]
[Result "0-1"]
[WhiteElo "1710"]
[BlackElo "1955"]
[PlyCount "60"]
[EventDate "2017.01.14"]

1. e4 d5 2. exd5 Nf6 3. d4 Bg4 4. f3 Bf5 5. c4 e6 6. dxe6 Nc6 7. Be3 Bb4+ 8.
Nc3 O-O 9. a3 Bxc3+ 10. bxc3 fxe6 11. Bd3 Qe7 12. Ne2 Rad8 13. Bxf5 exf5 14.
Qc1 Rde8 15. Kf2 Na5 16. Rb1 Nxc4 17. Re1 Qxe3+ 18. Qxe3 Nxe3 19. Rxb7 Nfd5 20.
Rxa7 Nc4 21. Ra1 Ra8 22. Rxa8 Rxa8 23. a4 Ndb6 24. Ng3 g6 25. a5 Rxa5 26. Re1
Ra2+ 27. Kg1 Kf7 28. Nf1 Nd5 29. Rc1 Ra3 30. Rb1 Rxc3 0-1

[Event "2017 Oceania Zone 3.6 Zonal Championshi"]
[Site "Auckland NZL"]
[Date "2017.01.15"]
[Round "3.32"]
[White "Yu, Bobby"]
[Black "Booth, Anthony J"]
[Result "1-0"]
[WhiteElo "1955"]
[BlackElo "1716"]
[PlyCount "161"]
[EventDate "2017.01.14"]

1. d4 d5 2. c4 c6 3. Nf3 g6 4. e3 Bg7 5. b3 Nf6 6. Bb2 O-O 7. Nbd2 Bf5 8. Nh4
Bd7 9. Bd3 Na6 10. Qe2 Nb4 11. Bb1 e6 12. Nhf3 dxc4 13. bxc4 Na6 14. O-O c5 15.
Bd3 b6 16. Rfd1 Nb4 17. Ba3 Nxd3 18. Qxd3 Rc8 19. e4 Ba4 20. Re1 Re8 21. e5 Nd7
22. Nb3 Qc7 23. Rac1 f6 24. exf6 Bxf6 25. Nbd2 Rcd8 26. Ne4 Bg7 27. Qe2 Bc6 28.
Red1 Bxe4 29. Qxe4 Nf6 30. Qe2 Nh5 31. dxc5 Rxd1+ 32. Rxd1 bxc5 33. Qe3 Bf8 34.
Ng5 Ng7 35. Ne4 Rc8 36. Bb2 Be7 37. Qc3 e5 38. Qxe5 Qxe5 39. Bxe5 Ne6 40. Kf1
Rd8 41. Rd5 Rxd5 42. cxd5 Nd4 43. d6 Bd8 44. Nxc5 Nc6 45. Bg3 Kf7 46. Ke2 Bb6
47. Nd3 Nd4+ 48. Kd2 Ke6 49. Nf4+ Kd7 50. Nd5 Bd8 51. Ne3 Ba5+ 52. Kd3 Bb6 53.
Nc4 Bc5 54. Ne5+ Kxd6 55. Nxg6+ Kd5 56. Nf4+ Kc6 57. Kc4 Nf5 58. Nd3 Nxg3 59.
Nxc5 Nf5 60. Ne4 Ne7 61. Ng5 h5 62. h3 Ng6 63. Nf3 Nf4 64. Ne1 h4 65. Kd4 Kd6
66. Ke4 Nd5 67. a3 Nc3+ 68. Kd3 Nd5 69. g3 a5 70. Nf3 hxg3 71. fxg3 Kc5 72. h4
Kb5 73. Nd2 Ka4 74. Nc4 Nc7 75. g4 Nb5 76. h5 Nxa3 77. Nxa3 Kxa3 78. h6 Kb4 79.
h7 a4 80. h8=Q a3 81. Qa1 1-0

[Event "2017 Oceania Zone 3.6 Zonal Championshi"]
[Site "Auckland NZL"]
[Date "2017.01.15"]
[Round "3.33"]
[White "Shen, Terry"]
[Black "Fan, Allen Chi Zhou"]
[Result "0-1"]
[WhiteElo "1706"]
[BlackElo "1952"]
[PlyCount "94"]
[EventDate "2017.01.14"]

1. d4 Nf6 2. c4 g6 3. Nc3 Bg7 4. e4 d6 5. f4 O-O 6. Nf3 e5 7. fxe5 dxe5 8. d5
Bg4 9. Bd3 c6 10. Be3 Nh5 11. O-O f5 12. h3 Bxf3 13. Rxf3 f4 14. Bc5 Rf7 15. g4
fxg3 16. Rxf7 Kxf7 17. Qf3+ Kg8 18. Ne2 Qh4 19. Kg2 Nd7 20. Bd6 Bh6 21. Qg4
Nf4+ 22. Nxf4 Qxg4 23. hxg4 Bxf4 24. dxc6 bxc6 25. c5 Nf6 26. Bc4+ Kg7 27. Kf3
h5 28. gxh5 g5 29. Be6 Rh8 30. b4 Rxh5 31. b5 Rh2 32. Rf1 cxb5 33. c6 Rc2 34.
c7 g4+ 35. Bxg4 Rc3+ 36. Kg2 Nxg4 37. Rxf4 exf4 38. Bxf4 Kf7 39. e5 Ke6 40. a4
b4 41. Bd2 Rxc7 42. Bxb4 Rc4 43. Be1 Rxa4 44. Kxg3 Nxe5 45. Bd2 Ra3+ 46. Kf4 a5
47. Ke4 Ra4+ 0-1

[Event "2017 Oceania Zone 3.6 Zonal Championshi"]
[Site "Auckland NZL"]
[Date "2017.01.15"]
[Round "3.34"]
[White "Crossman, Tom"]
[Black "Borg, Zen"]
[Result "1-0"]
[WhiteElo "1945"]
[BlackElo "1709"]
[PlyCount "71"]
[EventDate "2017.01.14"]

1. c4 Nf6 2. Nc3 c5 3. Nf3 Nc6 4. d4 cxd4 5. Nxd4 d6 6. e4 g6 7. Be2 Bg7 8. Be3
O-O 9. f4 Qa5 10. Nb3 Qd8 11. O-O b6 12. Rc1 Bb7 13. Qd2 Qd7 14. h3 Nd8 15. Bf3
Ne6 16. g4 Nc5 17. Nxc5 dxc5 18. e5 Qxd2 19. Bxd2 Bxf3 20. exf6 Bxf6 21. Rxf3
Rad8 22. Be1 Rd7 23. Kf1 e6 24. Rd1 Rfd8 25. Rxd7 Rxd7 26. Ke2 Kf8 27. Rd3 Ke8
28. Rxd7 Kxd7 29. b3 Kc6 30. Ne4 Be7 31. Ng5 Bxg5 32. fxg5 Kd6 33. Bg3+ Kd7 34.
Ke3 a6 35. a4 Kc6 36. Ke4 1-0

[Event "2017 Oceania Zone 3.6 Zonal Championshi"]
[Site "Auckland NZL"]
[Date "2017.01.15"]
[Round "3.35"]
[White "Cooper, Nigel"]
[Black "Yee, Stanley"]
[Result "1-0"]
[WhiteElo "1643"]
[BlackElo "1931"]
[PlyCount "117"]
[EventDate "2017.01.14"]

1. e4 c5 2. Nf3 d6 3. c3 Nf6 4. Bd3 Nc6 5. Bc2 Bg4 6. d4 cxd4 7. cxd4 e6 8. h3
Bxf3 9. gxf3 Qb6 10. Ba4 d5 11. Nc3 O-O-O 12. e5 Nd7 13. Bxc6 Qxc6 14. Bg5 Re8
15. Rc1 Kb8 16. Qa4 Qxa4 17. Nxa4 f6 18. exf6 gxf6 19. Be3 e5 20. dxe5 fxe5 21.
Nc5 Nb6 22. b3 Rg8 23. Ke2 Rg6 24. Nd3 d4 25. Bd2 Bh6 26. Rc5 e4 27. fxe4 Rxe4+
28. Kd1 Bxd2 29. Kxd2 Nd7 30. Rf5 Rge6 31. Re1 Rxe1 32. Nxe1 Rh6 33. Rd5 Nf6
34. Rxd4 Rxh3 35. Rf4 Nd5 36. Rf3 Rh4 37. Nd3 Kc7 38. Rf7+ Kb6 39. a3 h5 40.
Ne5 Rd4+ 41. Kc2 Rf4 42. Kd3 Rxf7 43. Nxf7 a5 44. Ke4 Nc3+ 45. Ke5 Kc5 46. Nd8
b5 47. Ne6+ Kc6 48. f4 h4 49. Ng5 Kd7 50. f5 Ke8 51. Kd4 b4 52. axb4 axb4 53.
Kc4 Na2 54. f6 Kf8 55. Kd5 Nc1 56. Ke6 Nxb3 57. Nh7+ Kg8 58. f7+ Kxh7 59. f8=Q
1-0

[Event "2017 Oceania Zone 3.6 Zonal Championshi"]
[Site "Auckland NZL"]
[Date "2017.01.15"]
[Round "3.36"]
[White "Nicholls, Leighton"]
[Black "Mukkattu, Philip"]
[Result "1-0"]
[WhiteElo "1929"]
[BlackElo "1705"]
[PlyCount "57"]
[EventDate "2017.01.14"]

1. e4 c6 2. d4 d5 3. e5 Bf5 4. Nf3 Nd7 5. Nh4 Bg6 6. Nxg6 fxg6 7. Bd3 Qa5+ 8.
Nd2 O-O-O 9. e6 Nb8 10. O-O Na6 11. Nf3 Nf6 12. Ne5 Rg8 13. Qe2 Nc7 14. Nf7 Re8
15. c3 Qb6 16. Re1 Kb8 17. a4 a6 18. b4 Rc8 19. Ba3 Ne4 20. Bxe4 dxe4 21. Qxe4
Nd5 22. c4 Nxb4 23. Qe5+ Ka8 24. a5 Qc7 25. Qxc7 Rxc7 26. Bxb4 h6 27. Ne5 g5
28. Ng6 Kb8 29. Ra3 1-0

[Event "2017 Oceania Zone 3.6 Zonal Championshi"]
[Site "Auckland NZL"]
[Date "2017.01.15"]
[Round "3.37"]
[White "Wang, Tony"]
[Black "Renjith, Sravan"]
[Result "1-0"]
[WhiteElo "1913"]
[BlackElo "1612"]
[PlyCount "91"]
[EventDate "2017.01.14"]

1. d4 Nf6 2. c4 e6 3. Nf3 d5 4. Bf4 Bd6 5. Bg3 O-O 6. c5 Bxg3 7. hxg3 Re8 8. b4
c6 9. e3 a5 10. b5 Nbd7 11. b6 e5 12. Be2 exd4 13. exd4 Qe7 14. Nc3 h6 15. Rc1
Ne4 16. Rc2 Ndf6 17. Ne5 Nxc3 18. Rxc3 Ne4 19. Re3 Be6 20. O-O Nf6 21. a4 Nd7
22. Bg4 Nxe5 23. Rxe5 Bxg4 24. Qxg4 Qf6 25. Rfe1 Rxe5 26. Rxe5 Rd8 27. f3 Kf8
28. Kf2 Qg6 29. Qxg6 fxg6 30. Ke3 Kf7 31. f4 Kf6 32. g4 Rc8 33. g3 Rd8 34. Kf3
Rf8 35. g5+ hxg5 36. Rxg5 Rd8 37. Re5 Rf8 38. Kg2 Rh8 39. Re1 Rf8 40. g4 Kf7
41. Kg3 Re8 42. Rxe8 Kxe8 43. Kh4 Ke7 44. Kg5 Kf7 45. f5 gxf5 46. Kxf5 1-0

[Event "2017 Oceania Zone 3.6 Zonal Championshi"]
[Site "Auckland NZL"]
[Date "2017.01.15"]
[Round "3.38"]
[White "Wang, Aaron Ziwen"]
[Black "Narenthran, Tharmaratnam"]
[Result "0-1"]
[WhiteElo "1598"]
[BlackElo "1909"]
[PlyCount "68"]
[EventDate "2017.01.14"]

1. c4 Nf6 2. Nc3 e6 3. Nf3 d5 4. cxd5 exd5 5. d4 c6 6. g3 Bd6 7. Bg2 O-O 8. O-O
Nbd7 9. Bg5 h6 10. Bd2 Re8 11. Qc1 Qc7 12. Qd1 Nf8 13. Rc1 a6 14. Na4 Bf5 15.
Nh4 Bh7 16. f4 Ne6 17. Nf3 Ne4 18. e3 Qe7 19. Ne5 f6 20. f5 N6g5 21. Bxe4 Nxe4
22. Nd3 Nxd2 23. Qxd2 Qxe3+ 24. Qxe3 Rxe3 25. Ndc5 Re7 26. Ne6 Rae8 27. g4 Kf7
28. Rfe1 g6 29. Kf1 gxf5 30. gxf5 Bxf5 31. Nec5 Bxh2 32. Red1 Bh3+ 33. Kf2 Re2+
34. Kf3 R8e3# 0-1

[Event "2017 Oceania Zone 3.6 Zonal Championshi"]
[Site "Auckland NZL"]
[Date "2017.01.15"]
[Round "3.39"]
[White "Hooton, Barry R"]
[Black "Louie, Jared"]
[Result "0-1"]
[WhiteElo "1478"]
[BlackElo "1895"]
[PlyCount "46"]
[EventDate "2017.01.14"]

1. d4 Nf6 2. c4 c6 3. Nc3 d5 4. Nf3 a6 5. e3 b5 6. cxd5 cxd5 7. a3 e6 8. Bd3
Bb7 9. O-O Bd6 10. Re1 O-O 11. b4 Ne4 12. Bb2 Nd7 13. Rc1 f5 14. Qe2 Qf6 15.
Nd2 Qh6 16. f4 Nb6 17. Bxe4 fxe4 18. g4 g5 19. fxg5 Qxg5 20. Qg2 Kh8 21. Kh1
Rg8 22. h3 h5 23. Qe2 Qh4 0-1

[Event "2017 Oceania Zone 3.6 Zonal Championshi"]
[Site "Auckland NZL"]
[Date "2017.01.15"]
[Round "3.40"]
[White "Kempen, Leon"]
[Black "Fikh, Anthony"]
[Result "1/2-1/2"]
[WhiteElo "1887"]
[BlackElo "1553"]
[PlyCount "92"]
[EventDate "2017.01.14"]

1. d4 Nf6 2. c4 e6 3. Nc3 Bb4 4. e3 b6 5. Nge2 Bb7 6. a3 Be7 7. Ng3 d5 8. cxd5
Nxd5 9. Nxd5 Bxd5 10. e4 Bb7 11. Be3 O-O 12. Bc4 Nd7 13. O-O c5 14. Qe2 Rc8 15.
Rfd1 Qc7 16. Rac1 Qb8 17. d5 exd5 18. Bxd5 Bxd5 19. Rxd5 Nf6 20. Rd2 Rfd8 21.
Rcd1 Rxd2 22. Rxd2 Rd8 23. f3 Rxd2 24. Qxd2 Qd6 25. Nf5 Qxd2 26. Bxd2 Kf8 27.
Bc3 g6 28. Ne3 Ke8 29. a4 Kd7 30. Kf1 a6 31. b3 Kc6 32. Bxf6 Bxf6 33. Ke2 b5
34. axb5+ axb5 35. Kd3 Bg7 36. g4 Kd6 37. f4 Ba1 38. g5 Bg7 39. Ng4 Ke6 40. h4
f5 41. Ne3 fxe4+ 42. Kxe4 Bh8 43. f5+ gxf5+ 44. Nxf5 c4 45. bxc4 bxc4 46. Ne3
c3 1/2-1/2

[Event "2017 Oceania Zone 3.6 Zonal Championshi"]
[Site "Auckland NZL"]
[Date "2017.01.15"]
[Round "3.41"]
[White "Qin, Oscar Shu Xuan"]
[Black "Winkelman, Albert"]
[Result "0-1"]
[WhiteElo "1375"]
[BlackElo "1860"]
[PlyCount "68"]
[EventDate "2017.01.14"]

1. e4 e5 2. Nf3 Nc6 3. d4 exd4 4. Nxd4 Nf6 5. Nxc6 bxc6 6. e5 Nd5 7. c4 Nb6 8.
Nc3 Qe7 9. Qe2 g6 10. Ne4 Bg7 11. f4 O-O 12. Qe3 Re8 13. Bd3 d5 14. cxd5 cxd5
15. Ng3 f6 16. O-O fxe5 17. Re1 e4 18. Bb5 Bd7 19. Bxd7 Qxd7 20. Kh1 d4 21.
Qb3+ Qe6 22. Qxe6+ Rxe6 23. h3 Rae8 24. f5 gxf5 25. Nxf5 e3 26. Rb1 Nd5 27.
Nxg7 Kxg7 28. Kg1 d3 29. b3 d2 30. Bb2+ Kg6 31. Re2 Nf4 32. Kf1 Nxe2 33. Kxe2
Rf8 34. Bd4 Rf2+ 0-1

[Event "2017 Oceania Zone 3.6 Zonal Championshi"]
[Site "Auckland NZL"]
[Date "2017.01.15"]
[Round "3.42"]
[White "Davis, Tony J"]
[Black "Archer, Saffron"]
[Result "1-0"]
[WhiteElo "1851"]
[BlackElo "1417"]
[PlyCount "57"]
[EventDate "2017.01.14"]

1. d4 d5 2. Nc3 e6 3. Nf3 f5 4. Bf4 Nf6 5. e3 c6 6. Ne5 Be7 7. Bd3 O-O 8. Qe2
Ne4 9. h4 b6 10. h5 c5 11. Bxe4 fxe4 12. Ng6 Re8 13. Nxe7+ Qxe7 14. Nb5 Ba6 15.
a4 Nc6 16. Qd2 Bxb5 17. axb5 Na5 18. b3 Qd7 19. Qe2 Rec8 20. Be5 Nb7 21. Rh3
Nd6 22. Rg3 Nf5 23. Rg5 Qe7 24. Qg4 cxd4 25. Bxg7 Nxg7 26. h6 Qb4+ 27. Kf1
Qxb5+ 28. Kg1 Rc7 29. Rxg7+ 1-0

[Event "2017 Oceania Zone 3.6 Zonal Championshi"]
[Site "Auckland NZL"]
[Date "2017.01.15"]
[Round "3.43"]
[White "Yung, Cameron"]
[Black "Lim, Christopher"]
[Result "0-1"]
[WhiteElo "1862"]
[BlackElo "1691"]
[PlyCount "158"]
[EventDate "2017.01.14"]

1. e4 e6 2. Qe2 c5 3. Nf3 Nc6 4. g3 Qc7 5. Bg2 Nge7 6. O-O Ng6 7. c3 Be7 8. d4
O-O 9. h4 Re8 10. h5 Nf8 11. Na3 a6 12. Bf4 Bd6 13. e5 Be7 14. Nc2 b6 15. Ng5
Bb7 16. Qg4 Qd8 17. Ne4 Kh8 18. Ng5 Kg8 19. Ne4 Kh8 20. Bf3 Rc8 21. dxc5 bxc5
22. Ne3 h6 23. Nc4 Rb8 24. Ncd6 Bxd6 25. Nxd6 Re7 26. Qh4 Nh7 27. Nxb7 Rxb7 28.
Rad1 Rc7 29. Rd6 Nb8 30. Rfd1 Re8 31. Qg4 Rg8 32. Be2 a5 33. Bb5 Nf8 34. Be3
Qc8 35. Qf4 Qe8 36. Qa4 f6 37. exf6 gxf6 38. Qxa5 Rb7 39. Kg2 Nh7 40. Bxh6 Qxh5
41. Be3 Nc6 42. Bxc6 dxc6 43. Qxc5 Qxc5 44. Bxc5 Rxb2 45. Rxe6 Ng5 46. Rxf6 Ne4
47. Rh6+ Kg7 48. Rxc6 Nxc5 49. Rxc5 Rf8 50. Rf1 Rxa2 51. Rd5 Rc2 52. Rd3 Kg6
53. Rf3 Rd8 54. Re1 Rd5 55. Re4 Rc1 56. Rfe3 Rc5 57. c4 Rd1 58. Rc3 Kf5 59.
Ree3 Ra1 60. Red3 Ke6 61. Rd5 Rc6 62. Rh5 Kd7 63. c5 Rd1 64. Rh7+ Kc8 65. Ra3
Kb8 66. Rf3 Rd8 67. Rf5 Kc8 68. g4 Rg6 69. g5 Rdg8 70. f4 Rc6 71. Kf3 Kb8 72.
Ke4 Rd8 73. Rd5 Re8+ 74. Kd4 Ra6 75. Rf5 Rd8+ 76. Kc4 Re6 77. Kb5 Ka8 78. Rhf7
Rb8+ 79. Ka5 Re1 0-1

[Event "2017 Oceania Zone 3.6 Zonal Championshi"]
[Site "Auckland NZL"]
[Date "2017.01.15"]
[Round "3.45"]
[White "Kumar, Viney"]
[Black "Prasad, Rudr"]
[Result "1-0"]
[WhiteElo "1703"]
[BlackElo "1566"]
[PlyCount "67"]
[EventDate "2017.01.14"]

1. Nf3 d5 2. d4 Nc6 3. c4 e6 4. Nc3 Nf6 5. g3 Be7 6. Bg2 dxc4 7. O-O O-O 8. e4
Nb4 9. e5 Nd7 10. a3 Nd3 11. Ne1 Nxe1 12. Rxe1 Nb6 13. Be3 c6 14. Qc2 Nd5 15.
Be4 h6 16. Nxd5 cxd5 17. Bg2 Bd7 18. h4 Qe8 19. Qd2 f5 20. exf6 Bxf6 21. Bf4
Qf7 22. Bd6 Rfe8 23. f4 Qg6 24. Qf2 Rac8 25. Rac1 Ba4 26. Be5 Bxe5 27. Rxe5 b5
28. Kh2 Rb8 29. Qe1 Rbd8 30. f5 exf5 31. Bxd5+ Kf8 32. Qb4+ Qd6 33. Rxf5+ Ke7
34. Rf7# 1-0

[Event "2017 Oceania Zone 3.6 Zonal Championshi"]
[Site "Auckland NZL"]
[Date "2017.01.15"]
[Round "3.46"]
[White "Perrin, Kevin J"]
[Black "Hair, Philip I"]
[Result "1-0"]
[WhiteElo "1537"]
[BlackElo "1877"]
[PlyCount "55"]
[EventDate "2017.01.14"]

1. c4 e5 2. Nc3 f5 3. g3 Nf6 4. Bg2 d6 5. e3 c6 6. Nge2 Be6 7. b3 d5 8. cxd5
Nxd5 9. Bb2 Nxc3 10. Bxc3 Bd5 11. O-O Bxg2 12. Kxg2 Qd5+ 13. Kg1 Nd7 14. d4
exd4 15. Nf4 Qf7 16. Bxd4 Be7 17. Qc2 O-O 18. Rad1 Bb4 19. Bb2 Ba5 20. Rd3 Bb6
21. Rfd1 Nc5 22. Rd6 Rfe8 23. Ba3 g5 24. Nh3 Re5 25. Nxg5 Qe7 26. Qc4+ Kf8 27.
Rd7 Qxg5 28. Qf7# 1-0

[Event "2017 Oceania Zone 3.6 Zonal Championshi"]
[Site "Auckland NZL"]
[Date "2017.01.15"]
[Round "3.47"]
[White "Polishchuk, Kirill"]
[Black "Nylund, Benjamin"]
[Result "1-0"]
[WhiteElo "2175"]
[BlackElo "1390"]
[PlyCount "45"]
[EventDate "2017.01.14"]

1. e4 c5 2. d4 cxd4 3. c3 dxc3 4. Nxc3 Nc6 5. Nf3 d6 6. Bc4 Nf6 7. e5 dxe5 8.
Qxd8+ Nxd8 9. Nb5 Rb8 10. Nxe5 e6 11. Nc7+ Ke7 12. Be3 Kd6 13. Bf4 Kxc7 14.
Nxf7+ Kd7 15. Rd1+ Ke7 16. Nxh8 Ra8 17. Bd6+ Ke8 18. Bxf8 Nh5 19. Bb4 Nf4 20.
O-O a6 21. g3 Ng6 22. Nxg6 hxg6 23. Rfe1 1-0

[Event "2017 Oceania Zone 3.6 Zonal Championshi"]
[Site "Auckland NZL"]
[Date "2017.01.15"]
[Round "3.48"]
[White "Zhang, William Jiewen"]
[Black "Nylund, Timothy"]
[Result "1-0"]
[WhiteElo "1856"]
[BlackElo "1346"]
[PlyCount "93"]
[EventDate "2017.01.14"]

1. d4 d5 2. c4 e6 3. Nc3 Nf6 4. cxd5 exd5 5. Bg5 Nc6 6. e3 Qd6 7. Bxf6 Qxf6 8.
Nxd5 Qd6 9. Nc3 Qb4 10. Qc2 g6 11. a3 Qa5 12. Rc1 Bf5 13. Qb3 O-O-O 14. Nf3 a6
15. Bc4 Rd7 16. O-O f6 17. Nh4 Bd6 18. Nxf5 Qxf5 19. Be6 Qh5 20. Bxd7+ Kxd7 21.
g3 b5 22. Qd5 f5 23. Qg2 Ne7 24. Nd5 Nxd5 25. Qxd5 Rc8 26. Qc6+ Kd8 27. Qxa6
Qe2 28. b4 Qb2 29. Qxb5 Qxa3 30. Qc4 Bxb4 31. Qg8+ Bf8 32. Qxh7 Qd6 33. Qh4+
Be7 34. Qh8+ Bf8 35. Qe5 Qb6 36. d5 Qd6 37. Qxd6+ Bxd6 38. Rc6 Kd7 39. Kg2 g5
40. Rfc1 Kd8 41. Rxd6+ cxd6 42. Rxc8+ Kxc8 43. Kf3 Kd7 44. g4 Ke7 45. gxf5 Kf6
46. Kg4 Ke5 47. Kxg5 1-0

[Event "2017 Oceania Zone 3.6 Zonal Championshi"]
[Site "Auckland NZL"]
[Date "2017.01.15"]
[Round "3.49"]
[White "Dai, Oliver"]
[Black "Picken, Oliver"]
[Result "1-0"]
[WhiteElo "1432"]
[BlackElo "1853"]
[PlyCount "77"]
[EventDate "2017.01.14"]

1. e4 c5 2. c3 d5 3. exd5 Nf6 4. d4 Nxd5 5. dxc5 e6 6. Nf3 Bxc5 7. Bc4 O-O 8.
O-O Nc6 9. Qc2 Nce7 10. Bd3 h6 11. Rd1 Qb6 12. b4 Bd6 13. a3 Nf4 14. c4 Nxd3
15. Qxd3 Bb8 16. Bb2 f6 17. Nc3 a6 18. Na4 Qc6 19. Nc5 b6 20. Nb3 e5 21. b5
axb5 22. cxb5 Qb7 23. Qc4+ Kh8 24. Rac1 Bf5 25. Nbd2 Rc8 26. Qf7 Ba7 27. Nh4
Bh7 28. Nc4 Rf8 29. Qe6 Nc8 30. f3 g5 31. Rd7 Qxd7 32. Qxd7 gxh4 33. a4 Kg8 34.
Ba3 Rf7 35. Qe8+ Kg7 36. Nd6 Nxd6 37. Qxa8 Nf5 38. Qc8 Nd4 39. Rc7 1-0

[Event "2017 Oceania Zone 3.6 Zonal Championshi"]
[Site "Auckland NZL"]
[Date "2017.01.15"]
[Round "3.50"]
[White "Dragalchuk, Vladislav"]
[Black "Qiu, Daniel"]
[Result "1-0"]
[WhiteElo "1800"]
[BlackElo "1295"]
[PlyCount "79"]
[EventDate "2017.01.14"]

1. d4 d5 2. c4 e6 3. Nc3 c5 4. cxd5 exd5 5. Nf3 Nf6 6. g3 Nc6 7. Bg2 Bf5 8. O-O
Be7 9. Bf4 a6 10. dxc5 Bxc5 11. Na4 Be7 12. Nd4 Nxd4 13. Qxd4 Rc8 14. Rac1 O-O
15. Rxc8 Bxc8 16. Nb6 Be6 17. Rd1 Bd6 18. Bg5 Be7 19. Bf4 Bg4 20. Rc1 Re8 21.
Bc7 Bc5 22. Qxc5 Qe7 23. Qxe7 Rxe7 24. f3 Bf5 25. g4 Bg6 26. h4 h5 27. g5 Ne8
28. Nxd5 Rxe2 29. Bg3 Kf8 30. Rc8 Rxb2 31. Bd6+ Kg8 32. Rxe8+ Kh7 33. Nc3 b5
34. a3 Rb3 35. Rc8 Rb2 36. Bb4 Rd2 37. Rc6 Rd4 38. Ne4 Rd7 39. Rxa6 Rb7 40. Rd6
1-0

[Event "2017 Oceania Zone 3.6 Zonal Championshi"]
[Site "Auckland NZL"]
[Date "2017.01.15"]
[Round "3.51"]
[White "Dias, Douglas"]
[Black "Lane, Ryan"]
[Result "0-1"]
[WhiteElo "1399"]
[BlackElo "1793"]
[PlyCount "54"]
[EventDate "2017.01.14"]

1. d4 Nf6 2. c4 g6 3. Nc3 Bg7 4. Nf3 O-O 5. e4 d6 6. Be2 Nbd7 7. O-O e5 8. d5
Nc5 9. Qc2 a5 10. a3 Nh5 11. Re1 f5 12. Bd2 fxe4 13. Nxe4 Nxe4 14. Qxe4 Bf5 15.
Qe3 Qf6 16. b4 axb4 17. axb4 Rxa1 18. Rxa1 e4 19. Ra7 exf3 20. Qxf3 Bc8 21.
Qxf6 Nxf6 22. Bf3 Nd7 23. Bg4 Bd4 24. Be3 Bxa7 25. Bxa7 Nb6 26. Bxc8 Rxc8 27.
c5 Nxd5 0-1

[Event "2017 Oceania Zone 3.6 Zonal Championshi"]
[Site "Auckland NZL"]
[Date "2017.01.15"]
[Round "3.52"]
[White "Jacobs, Hilton J"]
[Black "Barry, Jacob"]
[Result "1-0"]
[WhiteElo "1678"]
[BlackElo "1224"]
[PlyCount "73"]
[EventDate "2017.01.14"]

1. g3 e5 2. Bg2 Nf6 3. b3 d5 4. e3 Nc6 5. Bb2 g6 6. Ne2 Bg7 7. d3 O-O 8. O-O b6
9. Nd2 Bb7 10. f4 Ne8 11. e4 Nb4 12. a3 Na6 13. fxe5 dxe4 14. Bxe4 Bxe4 15.
Nxe4 Qd5 16. Nf4 Qd7 17. d4 Rd8 18. Qe2 Nb8 19. d5 Qe7 20. Nd3 Rxd5 21. c4 Rd8
22. Rae1 Nc6 23. Nef2 f6 24. e6 Nd6 25. Nf4 Nf5 26. Nd5 Qd6 27. Ne4 Ncd4 28.
Bxd4 Nxd4 29. Qb2 Qxe6 30. Qxd4 f5 31. Nef6+ Rxf6 32. Rxe6 Rxe6 33. Qh4 Rd7 34.
Kg2 c6 35. Nf4 Re4 36. Qg5 h6 37. Qxg6 1-0

[Event "2017 Oceania Zone 3.6 Zonal Championshi"]
[Site "Auckland NZL"]
[Date "2017.01.16"]
[Round "4.33"]
[White "Chan, Anthony"]
[Black "Perrin, Kevin J"]
[Result "1-0"]
[WhiteElo "1881"]
[BlackElo "1537"]
[PlyCount "65"]
[EventDate "2017.01.14"]

1. c4 e5 2. g3 g6 3. Bg2 Bg7 4. Nc3 Nf6 5. e4 O-O 6. Nge2 Nc6 7. O-O d6 8. d3
Ne7 9. d4 exd4 10. Nxd4 Bg4 11. f3 Bd7 12. Be3 Nc6 13. Qd2 Ne5 14. b3 Re8 15.
Rad1 a5 16. a4 Qc8 17. Ndb5 Bxb5 18. cxb5 b6 19. Bh6 Bh8 20. h3 Rb8 21. f4 Ned7
22. Rde1 Nc5 23. e5 Nh5 24. g4 Ng3 25. Rf3 Nxb3 26. Qd5 Nc5 27. f5 Bxe5 28.
fxg6 hxg6 29. Qxf7+ Kh8 30. Rxe5 Qd7 31. Qxd7 Nxd7 32. Rxe8+ Rxe8 33. Rxg3 1-0

[Event "2017 Oceania Zone 3.6 Zonal Championshi"]
[Site "Auckland NZL"]
[Date "2017.01.16"]
[Round "4.34"]
[White "Fikh, Anthony"]
[Black "Polishchuk, Kirill"]
[Result "0-1"]
[WhiteElo "1553"]
[BlackElo "2175"]
[PlyCount "50"]
[EventDate "2017.01.14"]

1. d4 Nf6 2. Nf3 e6 3. c4 c5 4. d5 b5 5. Bg5 Qa5+ 6. Qd2 Qxd2+ 7. Nbxd2 Na6 8.
a3 bxc4 9. Bxf6 gxf6 10. dxe6 fxe6 11. e4 d5 12. exd5 exd5 13. Be2 Rb8 14. Ra2
Rg8 15. O-O Rg7 16. Re1 Re7 17. Bd1 Rxe1+ 18. Nxe1 Be6 19. b3 cxb3 20. Bxb3 c4
21. Ba4+ Kf7 22. g3 Nc5 23. Bc2 d4 24. Ra1 d3 25. Bd1 c3 0-1

[Event "2017 Oceania Zone 3.6 Zonal Championshi"]
[Site "Auckland NZL"]
[Date "2017.01.16"]
[Round "4.35"]
[White "Notley, David G"]
[Black "Shen, Terry"]
[Result "0-1"]
[WhiteElo "2036"]
[BlackElo "1706"]
[PlyCount "144"]
[EventDate "2017.01.14"]

1. Nf3 Nf6 2. c4 g6 3. g3 Bg7 4. Bg2 d6 5. d4 O-O 6. Nc3 c5 7. d5 e5 8. e4 Ne8
9. O-O f5 10. exf5 gxf5 11. Ng5 Nf6 12. Ne6 Bxe6 13. dxe6 Nc6 14. Nd5 Nxd5 15.
Bxd5 Kh8 16. Qh5 Qe8 17. Qxe8 Rfxe8 18. Rd1 Bf8 19. Bg5 Nd4 20. Bf6+ Bg7 21.
Bxg7+ Kxg7 22. Bxb7 Rab8 23. Bd5 Rxb2 24. Rdb1 Rxb1+ 25. Rxb1 Re7 26. Rb8 Nxe6
27. Bxe6 Rxe6 28. Rb7+ Kg6 29. Rxa7 e4 30. Rd7 Kf6 31. Rxh7 Ke5 32. a4 Kd4 33.
a5 Kxc4 34. a6 d5 35. a7 Ra6 36. h4 d4 37. h5 d3 38. Rd7 d2 39. Kf1 Rxa7 40.
Rxd2 Rh7 41. Ke2 Rxh5 42. Kd1 Rh1+ 43. Kc2 Ra1 44. Kb2 Ra6 45. Rd8 Rb6+ 46. Kc2
Rb3 47. Rd6 Rf3 48. Rd2 Rc3+ 49. Kb2 Rd3 50. Re2 Kd4 51. Kc2 Ke5 52. Kb2 Kf6
53. Kc2 Kg5 54. Re1 Kg4 55. Rh1 Kf3 56. Rh5 Kg4 57. Rh4+ Kg5 58. Rh8 Rf3 59.
Rh2 Kf6 60. Kd2 Ke5 61. Kc2 Kd4 62. Rg2 c4 63. Rh2 c3 64. Rg2 Rd3 65. Rh2 Rd2+
66. Kc1 Kd3 67. g4 f4 68. Rh8 Rxf2 69. Rd8+ Ke3 70. Rc8 f3 71. g5 Rg2 72. Rxc3+
Kd4 0-1